000 00706nam a2200241Ia 4500
003 OSt
005 20220923213326.0
006 a|||||r|||| 00| 0
007 ta
008 220922b |||||||| |||| 00| 0 hin d
024 _a160,841
037 _cTextual
040 _aARTS
_cARTS
_bhin
041 _2hin
_ahin
082 _aO1520m35,2:g, K0
100 _aराव, पंडुरंग
245 0 _aआन्ध्र हिन्दी रूपक
246 _aĀndhra hindī rūpaka
260 _c1960
650 _aहिन्दी साहित्य
_9156264
942 _hO1520m35,2:g, K0
_cTEXL
_2CC
999 _c315519
_d315519